Bodies of Water - Sudden Death #1 - Statistics

General Stats
  • This quiz has been taken 128 times
  • The average score is 14 of 23
Answers on the Grid
Answers color-coded by a green-red scale on the quiz's grid according to % correct below.
Pacific Ocean
Atlantic Ocean
Indian Ocean
Arctic Ocean
Southern Ocean
Gulf of America (Mexico)
South China Sea
Bay of Biscay
Norwegian Sea
English Channel
Yellow (North) Sea
East Sea
Bay of Bengal
Lake Ontario
Lake Huron
Hudson Bay
Mozambique Channel
Drake Strait
Philippine Sea
Coral Sea
Mediterranean Sea
Tyrrhenian Sea
Red Sea
Crete Sea
Bermuda Strait
Californian Sea
Sea of Anatolia
Emirati Sea
Saskatchewan Sea
Australian Ocean
Bay of Jakarta
Bay of Hobart
Darwin River
Galapagos River
Mauritanian Channel
Bay of Tripoli
Pisa River
West Danube River
Lake Belgrade
Lake Ohio
Lake Chongqing
Strait of Hokkaido
Lake Sukha
Greater Lake Baikal
Canyon River
Siberia River
 
Answer Stats
Answer % Correct
Indian Ocean
78%
Pacific Ocean
78%
Hudson Bay
75%
Red Sea
75%
Lake Ontario
74%
Bay of Bengal
71%
Lake Huron
71%
Mediterranean Sea
71%
South China Sea
71%
Atlantic Ocean
69%
English Channel
69%
Coral Sea
68%
Bay of Biscay
66%
Arctic Ocean
65%
Gulf of America (Mexico)
65%
Southern Ocean
51%
Yellow (North) Sea
48%
Tyrrhenian Sea
46%
Norwegian Sea
45%
Philippine Sea
45%
Mozambique Channel
38%
East Sea
23%
Drake Strait
18%
No matching quizzes found
Score Distribution
Percent of People with Each Score
Percentile by Number Answered
Your Score History
You have not taken this quiz